Development co-operation, Mongolia ... report (Бичлэгийн дугаар. 145711)
| 000 -УДИРДЛАГА | |
|---|---|
| Удирдлага | 00789nam a22002777a 4500 |
| 003 - ХЯНАЛТЫН ТОО ТОДОРХОЙЛОГЧ | |
| Код | MN-UlNUM |
| 005 - БИЧИЛТ ХИЙСЭН ОГНОО | |
| Тухайн бичилтийг бичсэн засварласан сүүлийн огноо | 20251120110332.0 |
| 008 - ЕРӨНХИЙ МЭДЭЭЛЭЛ | |
| Ерөнхий мэдээлэл | 251120s1993 mp ||||| |||| 00| 0 eng c |
| 040 ## - БИЧЛЭГ ҮҮСГЭГЧ БАЙГУУЛЛАГА | |
| Бичлэг үүсгэгч номын сангийн код | МУИС-ийн номын сан |
| 084 ## - ББК АНГИЛАЛ | |
| Нэмэлт тусгалт | Бусад |
| ББК ангилал | 65.7 |
| Зохиогчийн гурван тэмдэгт | D 49 |
| Мэдлэгийн ялгаа | 65 - Эдийн засаг |
| 245 00 - ҮНДСЭН ГАРЧИГ | |
| Номын нэр | Development co-operation, Mongolia ... report |
| Оролцогчдын тухай мэдээ | UNDP. |
| 246 18 - ЗЭРЭГЦЭЭ ГАРЧИГ | |
| Зэрэгцээ гарчиг | Mongolia development co-operation report |
| 260 ## - ГАРАЛТЫН МЭДЭЭ | |
| Хэвлэгдсэн газар | [Ulaanbaatar]: |
| Хэвлэлийн газар | UNDP |
| 300 ## - МАТЕРИАЛЫН ТОДОРХОЙЛОЛТ | |
| хуудасны тоо | v. : $b ill., maps ; |
| Хэмжээ | 28 cm. |
| 500 ## - Тайлбар | |
| Дансны дугаар | БС 3971 |
| 546 ## - ХЭЛНИЙ ТУХАЙ МЭДЭЭ | |
| Хэл | Англи хэл дээр, |
| 653 ## - Түлхүүр үг | |
| Түлхүүр үг | Economic assistance |
| 653 ## - Түлхүүр үг | |
| Түлхүүр үг | Technical assistance |
| 653 ## - Түлхүүр үг | |
| Түлхүүр үг | Economic history. |
| 653 ## - Түлхүүр үг | |
| Түлхүүр үг | Social conditions |
| 740 ## - НОМЫН ГАРЧИГ | |
| Гарчиг | Country background |
| 740 ## - НОМЫН ГАРЧИГ | |
| Гарчиг | Development assistance trends |
| 740 ## - НОМЫН ГАРЧИГ | |
| Гарчиг | Data on externel assistance |
| 942 ## - ЭЛЕМЕНТИЙН ТӨРӨЛ | |
| Зүйлийн төрөл | Ном |
